| 000 | 01329cam a22001934a 4500 | ||
|---|---|---|---|
| 005 | 20250605164206.0 | ||
| 008 | 250528s ||||||||||||||||||||||||d | ||
| 035 | _a19931 | ||
| 020 | _a9603511641 | ||
| 040 |
_aGR-AtMCL _bgre _dGR-AtMCL _eAACR2 |
||
| 245 | 1 |
_aΣτατιστική / Πιθανότητες με Στατιστικές Εφαρμογές. _nΤόμος Β |
|
| 260 |
_bΣταμούλης Α, _c1998 |
||
| 300 | _a336 | ||
| 520 | _aΠρόλογος, Πιθανότητα, Μέθοδοι Απαριθμήσεως (Μεταθέσεις και Συνδυασμοί), Πιθανότητες Σύνθετων Ενδεχόμενων, Τυχαίες Μεταβλητές, Περιγραφή Τυχαίων Μεταβλητών και των Κατάνομων τους, Περιγραφή της από Κοινού Συμπεριφοράς Τυχαίων Μεταβλητών, Γεννήτριε Συναρτήσεις, Ειδικά Πιθανοθεωρητικά Υποδείγματα για ωΑσυνεχείς Τυχαίες Μεταβλητές, Συνεχείς Κατανομές, Οριακά Θεωρήματα, Παράρτημα, Στατιστικοί Πίνακες, Βιβλιογραφία. | ||
| 700 | 1 |
_aΜπένος Βασίλειος _94606 |
|
| 942 | _cBK | ||
| 999 |
_c5171 _d5171 |
||